NBA All Stars 2010-Present - Statistics

General Stats
  • This quiz has been taken 12,032 times
    6,142 since last reset
  • The average score is 69 of 110
Answer Stats
Player % Correct
LeBron James
96%
Stephen Curry
94%
Kevin Durant
92%
Giannis Antetokounmpo
89%
James Harden
89%
Nikola Jokic
87%
Kobe Bryant
86%
Russell Westbrook
86%
Chris Paul
84%
Dwayne Wade
84%
Klay Thompson
84%
Draymond Green
83%
Anthony Davis
82%
Kawhi Leonard
82%
Kyrie Irving
82%
Luka Doncic
82%
Jayson Tatum
81%
Paul George
81%
Damian Lillard
80%
Jaylen Brown
80%
Joel Embiid
78%
Tim Duncan
78%
Chris Bosh
77%
Ray Allen
76%
Jarrett Allen
75%
Derrick Rose
74%
Devin Booker
74%
Karl Anthony Towns
74%
Kevin Garnett
74%
Trae Young
74%
Anthony Edwards
73%
Carmelo Anthony
73%
Deron Williams
73%
Donovan Mitchell
73%
Jimmy Butler
73%
Shai Gilgeous-Alexander
73%
DeMar DeRozan
72%
Marc Gasol
72%
Pau Gasol
72%
Tony Parker
72%
Tyrese Haliburton
72%
Dwight Howard
71%
Jalen Brunson
71%
Paul Pierce
71%
Blake Griffin
70%
Rudy Gobert
70%
Bradley Beal
69%
Dirk Nowitzki
68%
John Wall
68%
DeAndre Jordan
67%
Ja Morant
67%
Kyle Lowry
67%
LaMelo Ball
67%
Domantas Sabonis
66%
Jrue Holiday
66%
Kevin Love
66%
Steve Nash
65%
De'Aaron Fox
64%
Bam Adebayo
63%
Zach LaVine
63%
Dejounte Murray
62%
Khris Middleton
62%
Pascal Siakam
62%
Al Horford
61%
Jason Kidd
61%
Julius Randle
61%
Zion Williamson
61%
Rajon Rondo
59%
Tyrese Maxey
59%
DeMarcus Cousins
57%
Isaiah Thomas
57%
Andrew Wiggins
56%
Kemba Walker
56%
Kristaps Porzingis
56%
Jaren Jackson Jr.
55%
Brook Lopez
54%
Darius Garland
54%
Joakim Noah
54%
Paolo Banchero
54%
Ben Simmons
53%
Brandon Ingram
53%
LaMarcus Aldridge
53%
Manu Ginobili
53%
Mike Conley
53%
Allen Iverson
52%
Kyle Korver
50%
Joe Johnson
49%
Lauri Markkanen
46%
Nikola Vucevic
46%
D'Angelo Russell
45%
Andre Drummond
44%
Fred VanVleet
43%
Jeff Teague
43%
Paul Millsap
43%
Amar'e Stoudemire
40%
Andre Iguodala
40%
Gordon Hayward
39%
Zach Randolph
39%
Victor Oladipo
38%
Tyson Chandler
35%
Gerald Wallace
33%
Yao Ming
33%
Chauncey Billups
31%
Goran Dragic
29%
Brandon Roy
28%
Luol Deng
28%
Roy Hibbert
28%
Andrew Bynum
27%
David Lee
27%
Chris Kaman
13%
No matching quizzes found
Score Distribution
Percent of People with Each Score
Percentile by Number Answered
Your Score History
You have not taken this quiz since the last reset